00987naa#a2200193#i#4500001001600000005001700016011001400033100004100047102000700088200022500095210010500320215001000425608004500435675012200480700005600602700006200658700005200720856002100772RU\\bibl\12287120260514020033.4##a2073-4018##a20260508b2026####ek#y0rusy0150####ca##aRU1#aУпаковка для сыров «Атлантис-Пак»: 30 лет инноваций, технологической стабильности и импортозамещенияeЖурнальная статья1#aКемеровоcКемеровский государственный университетd2026##a3 с.##aЖурнальная статья2local##aСельское хозяйство. Лесное хозяйство. Охота. Рыбное хозяйство. 63#1aТатаровgАртем Вячеславович#1aСмирновgВладимир Владимирович#1aОрловаgЕлена Анатольевна4#ajcenter.kemsu.ru